Central Library OPAC University of Rajshahi

The government of republican Italy / (Record no. 36266)

MARC details
000 -LEADER
fixed length control field 00936nam a2200289 4500
001 - CONTROL NUMBER
control field 36266
003 - CONTROL NUMBER IDENTIFIER
rucl marc code BD-RjUL
005 - DATE AND TIME OF LATEST TRANSACTION
control field 20211209052448.0
008 - FIXED-LENGTH DATA ELEMENTS--GENERAL INFORMATION
fixed length control field 701120s1966 maub b 001 0 eng
035 ## - SYSTEM CONTROL NUMBER
System control number (BD-RjUL)36363
040 ## - CATALOGING SOURCE
Original cataloging agency DLC
Transcribing agency DLC
Modifying agency DLC
-- BD-RjUL
Language of cataloging eng
041 ## - LANGUAGE CODE
Language code of text/sound track or separate title eng
082 00 - DEWEY DECIMAL CLASSIFICATION NUMBER
Classification number 320.945
Author mark and year ADG 1966
100 1# - MAIN ENTRY--PERSONAL NAME
Personal name Adams, John Clarke,
Dates associated with a name 1910-2000.
9 (RLIN) 110372
245 14 - TITLE STATEMENT
Title The government of republican Italy /
Statement of responsibility, etc. [by] John Clarke Adams [and] Paolo Barile.
250 ## - EDITION STATEMENT
Edition statement 2nd ed.
260 ## - PUBLICATION, DISTRIBUTION, ETC. (IMPRINT)
Place of publication, distribution, etc. Boston :
Name of publisher, distributor, etc. Houghton Mifflin,
Date of publication, distribution, etc. 1966.
300 ## - PHYSICAL DESCRIPTION
Pagination 251 p. :
Illustrations ill. ;
Size 21 cm.
504 ## - BIBLIOGRAPHY, ETC. NOTE
Bibliography, etc Bibliography: p. 239-241.
Bibliography, etc Includes index.
651 #0 - SUBJECT ADDED ENTRY--GEOGRAPHIC NAME
Geographic name Italy
General subdivision Politics and government
Chronological subdivision 1945-1976.
9 (RLIN) 110373
Geographic name Italy
General subdivision Politics and government
Form subdivision Handbooks, manuals, etc.
9 (RLIN) 110374
700 1# - ADDED ENTRY--PERSONAL NAME
Personal name Barile, Paolo,
Relator term joint author.
942 ## - ADDED ENTRY ELEMENTS (KOHA)
Source of classification or shelving scheme Dewey Decimal Classification
Koha item type Books
Holdings
Lost status Source of classification or shelving scheme Damaged status Not for loan Collection code Permanent Location Current Location Shelving location Date acquired Cost, normal purchase price Total Checkouts Full call number Date last seen Copy number Koha item type
  Dewey Decimal Classification   Not For Loan Non-fiction Central Library, University of Rajshahi Central Library, University of Rajshahi     0.00   320.945 ADG 1966 18/06/2014 C-1 Books
  Dewey Decimal Classification     Non-fiction Central Library, University of Rajshahi Central Library, University of Rajshahi     0.00   320.945 ADG 1966 18/06/2014 C-3 Books
  Dewey Decimal Classification     Non-fiction Central Library, University of Rajshahi Central Library, University of Rajshahi     0.00   320.945 ADG 1966 18/06/2014 C-4 Books
  Dewey Decimal Classification     Non-fiction Central Library, University of Rajshahi Central Library, University of Rajshahi     0.00   320.945 ADG 1966 18/06/2014 C-2 Books